Nuovo Testamento del nostro signor Gesú Cristo secondo La Volgata tradotto in lingua italiana
Uloženo v:
| Hlavní autor: | |
|---|---|
| Médium: | Kniha |
| Jazyk: | italština |
| Vydáno: |
Venecia
Girolamo Tasso
1822
|
| Vydání: | 1a. ed |
| Témata: | |
| Tagy: |
Přidat tag
Žádné tagy, Buďte první, kdo vytvoří štítek k tomuto záznamu!
|
MARC
| LEADER | 00000cam a2200000 a 4500 | ||
|---|---|---|---|
| 001 | UCD2826 | ||
| 003 | CL-VaPUC | ||
| 008 | 160512e18220000it |||||||||||||||||ita|d | ||
| 082 | 0 | 4 | |a 225 |b MAR |2 21 |
| 100 | |a Martini, Antonio |e autor |9 586186 | ||
| 245 | 1 | 0 | |a Nuovo Testamento del nostro signor Gesú Cristo secondo La Volgata tradotto in lingua italiana |
| 250 | |a 1a. ed | ||
| 300 | |a t | ||
| 942 | |c BK | ||
| 945 | |d 20160512 21:36:00 |a dcastane | ||
| 260 | |a Venecia |b Girolamo Tasso |c 1822 | ||
| 650 | 0 | |a Nuevo testamento |9 257604 | |
| 650 | 0 | |a Vida de Jesús |9 478097 | |
| 650 | 0 | |a Hechos de los apóstoles |9 483141 | |
| 583 | |a last modification |c 20160512 21:36:00 |k Rodrigo Vera | ||
| 999 | |c 363937 |d 363935 | ||
| 952 | |0 0 |1 0 |3 erd |4 0 |6 225_000000000000000_MAR_1822 |7 0 |8 X |9 476801 |a BIBTEO |b BIBTEO |c TEO_FFR |h t.1 |i 5231752 |o 225 MAR 1822 |p 5231752 |r 2024-01-18 |w 2019-11-24 |y BK_X |z Catalogado en:20160512 |k OFM | ||
| 952 | |0 0 |1 0 |3 erd |4 0 |6 225_000000000000000_MAR_1822 |7 0 |8 X |9 476802 |a BIBTEO |b BIBTEO |c TEO_FFR |h t.2 |i 5231760 |o 225 MAR 1822 |p 5231760 |r 2024-01-18 |w 2019-11-24 |y BK_X |z Catalogado en:20160512 |k OFM | ||
| 952 | |0 0 |1 0 |3 erd |4 0 |6 225_000000000000000_MAR_1822 |7 0 |8 X |9 476803 |a BIBTEO |b BIBTEO |c TEO_FFR |h t.3 |i 5231779 |o 225 MAR 1822 |p 5231779 |r 2024-01-18 |w 2019-11-24 |y BK_X |z Catalogado en:20160512 |k OFM | ||
| 952 | |0 0 |1 0 |3 erd |4 0 |6 225_000000000000000_MAR_1822 |7 0 |8 X |9 476804 |a BIBTEO |b BIBTEO |c TEO_FFR |h t.4 |i 5231787 |o 225 MAR 1822 |p 5231787 |r 2024-01-18 |w 2019-11-24 |y BK_X |z Catalogado en:20160512 |k OFM | ||
| 952 | |0 0 |1 0 |3 erd |4 0 |6 225_000000000000000_MAR_1822 |7 0 |8 X |9 476805 |a BIBTEO |b BIBTEO |c TEO_FFR |h t.5 |i 5231795 |o 225 MAR 1822 |p 5231795 |r 2024-01-18 |w 2019-11-24 |y BK_X |z Catalogado en:20160512 |k OFM | ||
| 952 | |0 0 |1 0 |3 erd |4 0 |6 225_000000000000000_MAR_1822 |7 0 |8 X |9 476806 |a BIBTEO |b BIBTEO |c TEO_FFR |h t.6 |i 5231809 |o 225 MAR 1822 |p 5231809 |r 2024-01-18 |w 2019-11-24 |y BK_X |z Catalogado en:20160512 |k OFM | ||